Zweiter Weltkrieg - Einfach - Statistiken

Allgemein
  • Dieses Quiz wurde 15.864 mal gespielt
    15.570 seit der letzten Aktualisierung
  • Das Durchschnittsergebnis liegt bei 12 aus 15
Antwortstatistiken
Frage Antwort % Korrekt
Wer gewann den Zweiten Weltkrieg? Die Alliierten
97%
Was war der Name für die Armee der Sowjetunion? Die Rote Armee
96%
Wenn die Luftwaffe angreift, wovor sollte man sich in Acht nehmen? Flugzeuge
92%
Welches Land wurde von Deutschland am 1. September 1939 angegriffen und markierte den Beginn des Zweiten Weltkriegs? Polen
89%
Richtig oder Falsch? Weniger als 1% der deutschen Bevölkerung starb am Krieg. Falsch
88%
Welcher der folgenden Personen war KEIN Nazi? Friedrich Nietzsche
87%
Wer war die meiste Zeit über italienischer Anführer? Benito Mussolini
86%
Welches dieser Länder wurde nie überfallen? Brasilien
82%
Richtig oder Falsch? Häftlinge in Gefangenschaft Japans wurden generell gut behandelt. Falsch
81%
Mit welchem Tier wurde Winston Churchill verglichen? Bulldogge
78%
Welches Land war Schauplatz der Tag X-Invasionen? Frankreich
77%
Welches dieser Länder war KEIN Teil der Achsenmächte? Sowjetunion
77%
Welcher der folgenden Schiffstypen war wichtiger im Zweiten Weltktieg, insbesondere für den Pazifikkrieg? Flugzeugträger
72%
Welcher der folgenden war NICHT Präsident der Vereinigten Staaten während des Zweiten Weltkriegs? Woodrow Wilson
66%
Welche Schlacht wird als der Wendepunkt im Pazifikkrieg bezeichnet? Schlacht um Midway
34%
Keine übereinstimmenden Quizze gefunden
Verteilung der Resultate
Anzahl Personen mit jedem Resultat
Perzentil nach korrekt beantworteten Fragen
Ihre Resultats-Entwicklung
Sie haben dieses Quiz seit der letzten Aktualisierung nicht gespielt